000 00541cam a2200193 4500500
005 20260405001915.0
041 _afre
042 _adc
100 1 0 _aLequin, Mathilde
_eauthor
245 0 0 _aPrice
260 _c2014.
500 _a39
690 _aAmérique
690 _aEspoir
690 _aGoethe
690 _aSteve Tesich
786 0 _nPhilosophie magazine | 85 | 12-1 | 2014-12-01 | p. 64-64 | 1951-1787
856 4 1 _uhttps://shs.cairn.info/magazine-philosophie-magazine-2014-12-1-page-64?lang=fr&redirect-ssocas=7080
999 _c2052233
_d2052233